1035 1264 1955 1130 1035 1832 1959 1157 1196 1896 1489 1042 1190 1165 1172 1745 1900 1980 1988 1515 1589 1281 1297 1816 1592 1557 1058 1266 1667 1083 1463 1046 1836 1216 1137 1847 1078 1272 1567 1870 1800 1239 1025 1107 1938 1531 1018 1763 1605 1679 1710 1467 1654 1163 1828 1380 1459 1485 1126 1177 1783 1463 1286 1656 1204 1633 1860 1701 1840 1736 1897 1294 1737 1841 1372 1926 1727 1957 1615 1904 1947 1732 1636 1321 1296 1143 1173 1550 1217 1773 1409 1745 1087 1148 1314 1520 1589 1068 1685 BCNSPRNW ULIB Ver.6.0+V

เปลี่ยนเป็นภาษาไทย

Change to English
 แสดงรายละเอียดบรรณานุกรม
  กลับหน้าหลัก

Brief Record : Get Marc (ISO 2709) : E-mail record : QR code < ปิดหน้าต่าง
LEADER : 00000nam 2200000uu 4500
001    13399121466
003     ULIB
008    110609s2546 th 000 j tha d
020    ^a9789749166734
090    ^aรส^bส712ข 2546
100 0  ^aสำเริง คำพะอุ
245 10 ^aข้าแต่ศาลที่เคารพและงานคัดสรร /^cสำเริง คำพะอุ
250    ^aพิมพ์ครั้งที่ 1
260    ^aกรุงเทพฯ :^bมูลนิธิสถาบันวิชาการ 14 ตุลา,^c2546
300    ^a147 หน้า ;^c21 ซม.
440  0 ^aหนังสือชุด''ตุลาวรรณกรรม''
500    ^aฉลองครบรอบ 30 ปี 14 ตุลา : 2516-2546 ร่วมวาระประวัติศาสตร์''''วัน 14 ตุลา ประชาธิปไตย''''
650  4 ^aเรื่องสั้นไทย
650  4 ^aเรื่องสั้นไทย^xรวมเรื่อง
710 2  ^aมูลนิธิสถาบันวิชาการ 14 ตุลา
945    ^p0^l0^i14367
995    ^aกัณชพร
999    ^aกัณชพร
รายการนี้ยังไม่มีแท็ก
คุณยังไม่ได้ล็อกอิน คุณสามารถมีกิจกรรมร่วมกับเว็บไซต์ได้ แต่ต้องล็อกอินก่อน ::
  ล็อกอิน

รายการสื่อสารสนเทศ

ลำดับที่ ประเภท เลขเรียก/บาร์โค้ด สถานที่ สถานะ
1. นวนิยาย
นวนิยาย
รส ส712ข 2546  
  Barcode: 14367
ห้องสมุดวิทยาเขตสวรรค์ประชารักษ์
►นวนิยาย
บนชั้น
  ขอยืม

รายการใกล้เคียง
    หัวเรื่อง [เรื่องสั้นไทย]

BibComment


ยังไม่เคยถูกคอมเมนท์

คอมเมนท์ทรัพยากรรายการนี้
  คอมเมนท์: ข้าแต่ศาลที่เคาร..


 Copyright 2026. Bcnsprnw @Library